Word Chain - Food #2 - Statistics

General Stats
  • This quiz has been taken 157 times
  • The average score is 16 of 20
Answer Stats
Hint Answer % Correct
Fell from a tree and hit Newton's head. Apple
100%
Orange vegetable that people misbelieve to be heavily eaten by rabbits. Carrot
100%
Long purple vegetable also known as aubergines. Eggplant
95%
Yellow fruit known to be sour. Lemon
95%
White cheese often used to make pizza. Mozzarella
92%
Brand of chocolate spread. Nutella
92%
Type of nut that can be made into milk. Almond
91%
Produced with the help of bees. Honey
91%
Trucks will pass around neighborhoods to sell this cold, sweet treat. Ice Cream
91%
Flatbread used to make tacos and burritos. Tortilla
91%
Special Italian cake usually made with a coffee and chocolate flavor. Tiramisu
86%
Helps Popeye grow big muscles. Spinach
84%
Sticky, sweet syrup often inside chocolate bars. Caramel
82%
Staple of Chinese cuisine which is a boiled/steamed ball of dough with filling. Dumpling
81%
Root vegetables often mistaken as sweet potatoes. Yam
80%
Grows in bulbs, has a pungent smell. Garlic
71%
Japanese noodles known for its thick texture. Udon
66%
Spring vegetable grown as stalks from the ground. Asparagus
56%
Japanese food, consisting of sticky soybeans. Nattō
20%
The American dub of the Pokemon anime called these "jelly-filled donuts". Onigiri
9%
No matching quizzes found
Score Distribution
Percent of People with Each Score
Percentile by Number Answered
Your Score History
You have not taken this quiz